000 00782nam a2200241 i 4500
001 192182
003 ES-MaACL
005 20250724094357.0
008 221107s1998 sw b 001 0 eng d
040 _cES-MaACL
080 _a912(100)
245 0 0 _aWorld atlas.
260 _a[Stockholm] :
_bLiber Kartor,
_c[1999]
300 _a187 páginas :
_bmapas (color) ;
_c18 cm.
500 _aEn cub.: The right engine can take you anywhere
500 _aÍndice
650 7 _aAtlas
_2embne
_910407
852 4 _aES-MaACL
_jN-8075
_cDEPOJ
_bR. 152173
_hDonación: José Lázaro García
_xEncuadernación: cartoné
_9199464
903 _9234219
_aLázaro García, José
_ednr
942 _cMONOGRAFIA
_n0
999 _c192182
_d192182